Les causes de la guerre mondiale (Record no. 34259)

MARC details
000 -LEADER
campo de control de longitud fija 00530nam a2200181 i 4500
001 - NÚMERO DE CONTROL
campo de control 34259
003 - IDENTIFICADOR DE NÚMERO DE CONTROL
campo de control ES-MaACL
005 - FECHA Y HORA DE LA ÚLTIMA TRANSACCIÓN
campo de control 20230906154913.0
007 - CAMPO FIJO DE DESCRIPCIÓN FÍSICA--INFORMACIÓN GENERAL
campo de control de longitud fija t|
008 - DATOS DE LONGITUD FIJA--INFORMACIÓN GENERAL
campo de control de longitud fija 030204s1933 fr ||||1| fre d
100 1# - ENTRADA PRINCIPAL--NOMBRE DE PERSONA
Nombre de persona Bloch, Camille.
9 (RLIN) 29503
245 14 - MENCIÓN DEL TÍTULO
Título Les causes de la guerre mondiale
Resto del título : précis historique /
Mención de responsabilidad, etc. Camille Bloch.
260 ## - PUBLICACIÓN, DISTRIBUCIÓN, ETC.
Lugar de publicación, distribución, etc. París :
Nombre del editor, distribuidor, etc. Paul Hartmann,
Fecha de publicación, distribución, etc. 1933.
300 ## - DESCRIPCIÓN FÍSICA
Extensión 254 p., 8 lám. ;
Dimensiones 19 cm.
650 04 - PUNTO DE ACCESO ADICIONAL DE MATERIA--TÉRMINO DE MATERIA
Término de materia o nombre geográfico como elemento de entrada Guerra mundial, 1914-1918.
9 (RLIN) 13212
852 ## - LOCALIZACIÓN
Ubicación ES-MaACL
Número de control de estantería A-4063
852 ## - LOCALIZACIÓN
Ubicación ES-MaACL
Número de control de estantería B-7788
Holdings
Estatus retirado Estado de pérdida Estado de daño No para préstamo Biblioteca de origen Biblioteca actual Ubicación en estantería Fecha de adquisición Fuente de adquisición Total de préstamos Signatura topográfica completa Código de barras Visto por última vez Precio de reemplazo Tipo de ítem Koha
        Biblioteca del Ateneo de Madrid Biblioteca del Ateneo de Madrid Sala Pardo Bazán 17/01/2008     B-7788 1035732 23/02/2023 23/02/2023 Libro impreso
        Biblioteca del Ateneo de Madrid Biblioteca del Ateneo de Madrid Sala Pecera Planta 1 17/01/2008     A-4063 1035731 23/02/2023 23/02/2023 Libro impreso